| 000 | 00757cam a2200241u 4500 | ||
|---|---|---|---|
| 001 | 8859774 | ||
| 003 | OSt | ||
| 005 | 20220227214220.0 | ||
| 008 | 810313s1954 miu 000 0 eng | ||
| 010 | _a 55000136 | ||
| 040 |
_aDLC _cCarP _dDLC |
||
| 050 | 0 | 0 |
_aBS1180 _b.U6 |
| 082 |
_aREF 221.93 _bH694A |
||
| 100 | 1 |
_aHOERTH, ALFRED J _d1909- [from old catalog] |
|
| 245 | 1 | 0 | _aArcheology and the Old Testament. |
| 260 |
_aGrand Rapids, _bZondervan Pub. House _c[1954] |
||
| 300 | _ap. cm. | ||
| 630 | 0 | 0 |
_aBible. _pOld Testament _xAntiquities. |
| 630 | 0 | 0 |
_aBible. _pOld Testament _xHistory of contemporary events. |
| 630 | 0 | 0 |
_aBible. _pOld Testament _xEvidences, authority, etc. |
| 906 |
_a0 _bcbc _cpremunv _du _encip _f19 _gy-gencatlg |
||
| 942 |
_2ddc _cBK |
||
| 999 |
_c10845 _d10845 |
||